00314nam a2200109Ia 4500008004100000041000800041100002000049245006500069260003500134300000800169700002700177250110s9999 xx 000 0 und d aeng aShelke Kalyanee aRedevelopment Of Temple Complex : Shri Saibaba Temple Shirdi bFinal Year B. Arch, BNCAc2014 a91p aGuide Name:Pawar Abhay